| 000 -LEADER |
| fixed length control field |
03862cam a22004094a 4500 |
| 001 - CONTROL NUMBER |
| control field |
14171744 |
| 003 - CONTROL NUMBER IDENTIFIER |
| control field |
Nust |
| 005 - DATE AND TIME OF LATEST TRANSACTION |
| control field |
20180117090023.0 |
| 008 - FIXED-LENGTH DATA ELEMENTS--GENERAL INFORMATION |
| fixed length control field |
051117s2006 maua b 001 0 eng |
| 010 ## - LIBRARY OF CONGRESS CONTROL NUMBER |
| LC control number |
2005033631 |
| 015 ## - NATIONAL BIBLIOGRAPHY NUMBER |
| National bibliography number |
GBA521068 |
| Source |
bnb |
| 016 7# - NATIONAL BIBLIOGRAPHIC AGENCY CONTROL NUMBER |
| Record control number |
013130252 |
| Source |
Uk |
| 020 ## - INTERNATIONAL STANDARD BOOK NUMBER |
| International Standard Book Number |
1405106298 (hardcover : alk. paper) |
| 020 ## - INTERNATIONAL STANDARD BOOK NUMBER |
| International Standard Book Number |
9781405106290 (hardcover : alk. paper) |
| 035 ## - SYSTEM CONTROL NUMBER |
| System control number |
(OCoLC)ocm62326789 |
| 040 ## - CATALOGING SOURCE |
| Original cataloging agency |
DLC |
| Transcribing agency |
DLC |
| Modifying agency |
BAKER |
| -- |
BWKUK |
| -- |
YDXCP |
| -- |
OCLCQ |
| -- |
UKM |
| -- |
BTCTA |
| -- |
PUL |
| -- |
UPP |
| -- |
TTU |
| -- |
MUQ |
| -- |
TSU |
| -- |
DEBBG |
| -- |
DLC |
| 042 ## - AUTHENTICATION CODE |
| Authentication code |
pcc |
| 050 00 - LIBRARY OF CONGRESS CALL NUMBER |
| Classification number |
HT321 |
| Item number |
.C625 2006 |
| 082 00 - DEWEY DECIMAL CLASSIFICATION NUMBER |
| Classification number |
330.9173/2 |
| Edition number |
22 |
| 084 ## - OTHER CLASSIFICATION NUMBER |
| Classification number |
QY 300 |
| Number source |
rvk |
| 245 02 - TITLE STATEMENT |
| Title |
A companion to urban economics / |
| Statement of responsibility, etc. |
edited by Richard J. Arnott, Daniel P. McMillen. |
| 260 ## - PUBLICATION, DISTRIBUTION, ETC. |
| Place of publication, distribution, etc. |
Malden, MA ; |
| -- |
Oxford : |
| Name of publisher, distributor, etc. |
Blackwell Pub., |
| Date of publication, distribution, etc. |
2006. |
| 300 ## - PHYSICAL DESCRIPTION |
| Extent |
xxvii, 574 p. : |
| Other physical details |
ill. ; |
| Dimensions |
26 cm. |
| 440 #0 - SERIES STATEMENT/ADDED ENTRY--TITLE |
| Title |
Blackwell companions to contemporary economics ; |
| Volume/sequential designation |
4 |
| 504 ## - BIBLIOGRAPHY, ETC. NOTE |
| Bibliography, etc. note |
Includes bibliographical references and index. |
| 505 00 - FORMATTED CONTENTS NOTE |
| Title |
The micro-empirics of agglomeration economies / |
| Statement of responsibility |
Stuart S. Rosenthal and William C. Strange -- |
| Title |
Human capital externalities in cities : identification and policy issues / |
| Statement of responsibility |
Gilles Duranton -- |
| Title |
The first cities / |
| Statement of responsibility |
Arthur O'Sullivan -- |
| Title |
Cross-country patterns of urban development / |
| Statement of responsibility |
Stephen Malpezzi -- |
| Title |
The spatial pattern of land use in the United States / |
| Statement of responsibility |
Elena G. Irwin and Nancy E. Bockstael -- |
| Title |
Monocentric cities / |
| Statement of responsibility |
Marvin Kraus -- |
| Title |
Space in general equilibrium / |
| Statement of responsibility |
Marcus Berliant and Courtney LaFountain -- |
| Title |
Testing for monocentricity / |
| Statement of responsibility |
Daniel P. McMillen -- |
| Title |
The economic theory of housing tenure choice / |
| Statement of responsibility |
Franz Hubert -- |
| Title |
Housing policy : low-income households in France / |
| Statement of responsibility |
Anne Laferrère and David Le Blanc -- |
| Title |
Housing demand : an international perspective / |
| Statement of responsibility |
Miki Seko -- |
| Title |
Discrimination in mortgage lending / |
| Statement of responsibility |
Anthony M. Yezer -- |
| Title |
Commercial real estate / |
| Statement of responsibility |
David Geltner -- |
| Title |
Housing price indexes / |
| Statement of responsibility |
Bradford Case -- |
| Title |
Urban transport economic theory / |
| Statement of responsibility |
Yoshitsugu Kanemoto -- |
| Title |
Urban passenger travel demand / |
| Statement of responsibility |
André de Palma, Robin Lindsey, and Nathalie Picard -- |
| Title |
Urban transportation and land use / |
| Statement of responsibility |
John F. McDonald -- |
| Title |
Urban transport policies : the Dutch struggle with market failures and policy failures / |
| Statement of responsibility |
Piet Rietveld -- |
| Title |
Financing cities / |
| Statement of responsibility |
Robert P. Inman -- |
| Title |
Strategic interaction among governments / |
| Statement of responsibility |
Jan K. Brueckner -- |
| Title |
Property and land taxation / |
| Statement of responsibility |
John Douglas Wilson -- |
| Title |
A theory of municipal corporate governance with an application to land-use regulation / |
| Statement of responsibility |
William A. Fischel -- |
| Title |
Urban labor markets / |
| Statement of responsibility |
Timothy J. Bartik and Randall W. Eberts -- |
| Title |
A primer on spatial mismatch within urban labor markets / |
| Statement of responsibility |
Keith R. Ihlanfeldt -- |
| Title |
Urban labor economic theory / |
| Statement of responsibility |
Yves Zenou -- |
| Title |
Macroeconomic analysis using regional data : an application to monetary policy / |
| Statement of responsibility |
Gerald A. Carlino and Robert H. DeFina -- |
| Title |
Measuring and analyzing urban employment fluctuations / |
| Statement of responsibility |
N. Edward Coulson -- |
| Title |
Measuring quality of life / |
| Statement of responsibility |
Glenn C. Blomquist -- |
| Title |
Air pollution in cities / |
| Statement of responsibility |
Matthew E. Kahn -- |
| Title |
Urban crime, race, and the criminal justice system in the United States / |
| Statement of responsibility |
Stephen Raphael and Melissa Sills -- |
| Title |
Ethnic segregation and ghettos / |
| Statement of responsibility |
Alex Anas. |
| 650 #0 - SUBJECT ADDED ENTRY--TOPICAL TERM |
| Topical term or geographic name entry element |
Urban economics. |
| 655 #7 - INDEX TERM--GENRE/FORM |
| Genre/form data or focus term |
Aufsatzsammlung. |
| Source of term |
swd |
| 700 1# - ADDED ENTRY--PERSONAL NAME |
| Personal name |
Arnott, Richard. |
| 700 1# - ADDED ENTRY--PERSONAL NAME |
| Personal name |
McMillen, Daniel P. |
| 856 42 - ELECTRONIC LOCATION AND ACCESS |
| Materials specified |
Contributor biographical information |
| Uniform Resource Identifier |
<a href="http://www.loc.gov/catdir/enhancements/fy0802/2005033631-b.html">http://www.loc.gov/catdir/enhancements/fy0802/2005033631-b.html</a> |
| 856 42 - ELECTRONIC LOCATION AND ACCESS |
| Materials specified |
Publisher description |
| Uniform Resource Identifier |
<a href="http://www.loc.gov/catdir/enhancements/fy0805/2005033631-d.html">http://www.loc.gov/catdir/enhancements/fy0805/2005033631-d.html</a> |
| 906 ## - LOCAL DATA ELEMENT F, LDF (RLIN) |
| a |
7 |
| b |
cbc |
| c |
orignew |
| d |
1 |
| e |
ecip |
| f |
20 |
| g |
y-gencatlg |
| 942 ## - ADDED ENTRY ELEMENTS (KOHA) |
| Source of classification or shelving scheme |
|
| Koha item type |
Book |